000 00551nam a2200193Ia 4500
008 180523s9999 xx 000 0 und d
020 _a978-0-7494-5518-7
050 _aMAIN HF 5718.3
050 _b.T35 2009
100 _aTalbot, Fiona.
245 0 _aExecutive writing skills for managers :
245 0 _bmaster word power to lead your teams, make strategic links and develop relationships /
245 0 _cFiona Talbot.
260 _aLondon :
260 _bKogan Page Ltd.,
260 _c2009
300 _a140 pages :
300 _c22 cm.
999 _c357231
_d357231